Environmentally friendly technologies for agricultural produce quality
محفوظ في:
| المؤلف الرئيسي: | |
|---|---|
| التنسيق: | كتاب |
| اللغة: | Undetermined |
| منشور في: |
Boca Raton
Taylor & Francis
2005
|
| الموضوعات: | |
| الوسوم: |
إضافة وسم
لا توجد وسوم, كن أول من يضع وسما على هذه التسجيلة!
|
| Thư viện lưu trữ: | Trung tâm Học liệu Trường Đại học Cần Thơ |
|---|
| LEADER | 00605nam a2200205Ia 4500 | ||
|---|---|---|---|
| 001 | CTU_100298 | ||
| 008 | 210402s9999 xx 000 0 und d | ||
| 020 | |c 2813000 | ||
| 082 | |a 631.56 | ||
| 082 | |b B474 | ||
| 100 | |a Ben-Yehoshua, Shimshon | ||
| 245 | 0 | |a Environmentally friendly technologies for agricultural produce quality | |
| 245 | 0 | |c Shimshon Ben-Yehoshua | |
| 260 | |a Boca Raton | ||
| 260 | |b Taylor & Francis | ||
| 260 | |c 2005 | ||
| 650 | |a Food crops,Farm produce | ||
| 650 | |x Postharvet technology,Quality | ||
| 904 | |i Truc | ||
| 980 | |a Trung tâm Học liệu Trường Đại học Cần Thơ | ||